Religia oraz Jan Paweł II test - Statystyki

Ogólne statystyki
  • Ten quiz został rozwiązany 56 razy
  • Średni wynik to 4 z 10
Statystyki odpowiedzi
Zagadnienie Odpowiedź % Poprawnych
Jakie przezwisko miał Karol Wojtyła w dzieciństwie? Lolek
76%
Jak ma nazywa się zamachowiec, który oddał strzał do Jana Pawła II? Ali Agca
51%
Kiedy używa się różowych szat 3. niedzielę Adwentu oraz w 4. niedzielę Wielkiego Postu
47%
Z ilu ksiąg składał się Stary Testament? 46
47%
którym papieżem był Jan Paweł II? 264
44%
Nestorianizm to? chrześcijańska doktryna teologiczna, która uznaje w Chrystusie dwie osoby, boską i ludzką, oraz neguje kult Marii jako Matki Boskiej. Doktryna ta powstała w V wieku jako rezultat polemik Nestoriusza ze św. Cyrylem z Aleksandrii
42%
Apokalipsa według św. Jana to inaczej Księga Objawienia
36%
Najkrótsza księga w Nowym Testamencie to? List do Filemona
36%
Która z tych ciekawostek o Biblii jest prawdziwa? słowo „Biblia” pochodzi z języka greckiego i oznacza księgę
36%
Przez ile lat Jan Paweł II był Papieżem? 26 lat
20%
Nie znaleziono quizów pasujących do podanych kryteriów
Rozkład punktacji
Procent ludzi z każdym wynikiem
Percentyl według liczby udzielonych odpowiedzi
Twoja historia wyników
Nie rozwiązałeś tego quizu